000 00607nam a22002417a 4500
003 LK-CoDNM
005 20241121095544.0
008 241015b |||||||| |||| 00| 0 eng d
040 _aLK-CoDNM
_dLK-CoDNM
_eLK-CoDNM
041 _aeng
080 _aPM
_bE2.12
100 _a
245 _aThe Maha Bodhi-1942 ( Vol.50 )
_bNo.7-8
260 _aCulcutta
_bGouranga press
_c1942
300 _b65p. : ill ; 25 cm
500 _aMonthly magazine
650 _aThe Maha Bodhi-1942 ( Vol.50 )
650 _aNo.7-8
650 _aPM E2.12
650 _a1942
650 _aMonthly magazine
942 _cBK
999 _c231503
_d231503